MARC details
| 000 -LEADER |
| fixed length control field |
01479cam a2200337 a 4500 |
| 001 - CONTROL NUMBER |
| control field |
755699848 |
| 003 - CONTROL NUMBER IDENTIFIER |
| control field |
OCoLC |
| 005 - DATE AND TIME OF LATEST TRANSACTION |
| control field |
20230621124635.0 |
| 008 - FIXED-LENGTH DATA ELEMENTS--GENERAL INFORMATION |
| fixed length control field |
111002t20122011nyuab j 000 1 eng d |
| 020 ## - INTERNATIONAL STANDARD BOOK NUMBER |
| International Standard Book Number |
9780545384766 |
| 020 ## - INTERNATIONAL STANDARD BOOK NUMBER |
| International Standard Book Number |
0545384761 |
| 020 ## - INTERNATIONAL STANDARD BOOK NUMBER |
| International Standard Book Number |
9780329929510 |
| Qualifying information |
(FollettBound) |
| 035 ## - SYSTEM CONTROL NUMBER |
| System control number |
(OCoLC)755699848 |
| 040 ## - CATALOGING SOURCE |
| Original cataloging agency |
BTCTA |
| Language of cataloging |
eng |
| Transcribing agency |
BTCTA |
| Modifying agency |
BDX |
| -- |
BKX |
| -- |
GO3 |
| -- |
ZAC |
| -- |
LIV |
| -- |
SO$ |
| 041 ## - LANGUAGE CODE |
| Language code of text/sound track or separate title |
eng |
| 082 04 - DEWEY DECIMAL CLASSIFICATION NUMBER |
| Classification number |
[Fic] |
| Edition number |
23 |
| 092 ## - LOCALLY ASSIGNED DEWEY CALL NUMBER (OCLC) |
| Filing suffix |
J |
| Classification number |
MEADOWS |
| 100 1# - MAIN ENTRY--PERSONAL NAME |
| Personal name |
Meadows, Daisy, |
| Relator term |
author. |
| 245 10 - TITLE STATEMENT |
| Title |
Selena the sleepover fairy / |
| Statement of responsibility, etc. |
by Daisy Meadows. |
| 260 ## - PUBLICATION, DISTRIBUTION, ETC. (IMPRINT) |
| Place of publication, distribution, etc. |
New York : |
| Name of publisher, distributor, etc. |
Scholastic, |
| Date of publication, distribution, etc. |
[2012], c2011. |
| 300 ## - PHYSICAL DESCRIPTION |
| Extent |
157 p. : |
| Other physical details |
ill., map ; |
| Dimensions |
20 cm. |
| 490 1# - SERIES STATEMENT |
| Series statement |
Rainbow magic special edition. |
| 520 ## - SUMMARY, ETC. |
| Summary, etc. |
Rachel and Kirsty are going to a giant sleepover in the city--and they can't wait! But things are going all wrong. Jack Frost and his goblins have stolen Selena the Sleepover Fairy's three magic objects. Without them, everyone will be losing sleep. Can Rachel and Kirsty help Selena track down her magic, so that sleepovers will be full of fun, games and giggles again? |
| 650 #0 - SUBJECT ADDED ENTRY--TOPICAL TERM |
| Topical term or geographic name as entry element |
Walker, Rachel (Fictitious character) |
| Form subdivision |
Juvenile fiction. |
| 650 #0 - SUBJECT ADDED ENTRY--TOPICAL TERM |
| Topical term or geographic name as entry element |
Tate, Kirsty (Fictitious character) |
| Form subdivision |
Juvenile fiction. |
| 650 #0 - SUBJECT ADDED ENTRY--TOPICAL TERM |
| Topical term or geographic name as entry element |
Fairies |
| Form subdivision |
Juvenile fiction. |
| 650 #0 - SUBJECT ADDED ENTRY--TOPICAL TERM |
| Topical term or geographic name as entry element |
Lost articles |
| Form subdivision |
Juvenile fiction. |
| 650 #0 - SUBJECT ADDED ENTRY--TOPICAL TERM |
| Topical term or geographic name as entry element |
Frost, Jack (Fictitious character) |
| Form subdivision |
Juvenile fiction. |
| 800 1# - SERIES ADDED ENTRY--PERSONAL NAME |
| Personal name |
Meadows, Daisy. |
| Title of a work |
Rainbow magic special edition. |
| 942 ## - ADDED ENTRY ELEMENTS (KOHA) |
| Koha item type |
Libro/Book |